| 000 | 01050cam a22003013a 4500 | ||
|---|---|---|---|
| 999 |
_c234347 _d234347 |
||
| 001 | 13766119 | ||
| 003 | Nust | ||
| 005 | 20170319162941.0 | ||
| 008 | 040628s2004 nyuj 000 1 eng d | ||
| 010 | _a 2004596944 | ||
| 020 | _a9780749936624 | ||
| 035 | _a(OCoLC)ocm55752318 | ||
| 040 |
_aHHO _cHHO _dMR0 _dDLC |
||
| 042 | _alccopycat | ||
| 050 | 0 | 0 | _aCPB Box no. 2231 vol. 10 |
| 082 |
_a823 _bQUI |
||
| 100 | 1 |
_aQuinn, Julia, _d1970- |
|
| 245 | 1 | 0 |
_aWhen he was wicked / _cJulia Quinn. |
| 260 |
_aNew York : _bAvon Books, _c2004. |
||
| 300 |
_a368 p. : _bgeneal. table ; _c18 cm. |
||
| 490 | 1 | _aAvon historical romance | |
| 651 | 0 |
_aEngland _xSocial life and customs _y19th century _vFiction. |
|
| 655 | 7 |
_aHistorical fiction. _2gsafd |
|
| 655 | 7 |
_aLove stories. _2gsafd |
|
| 655 | 7 |
_aRegency fiction. _2gsafd |
|
| 710 | 2 |
_aCopyright Paperback Collection (Library of Congress) _5DLC |
|
| 830 | 0 | _aAvon romance. | |
| 906 |
_a7 _bcbc _ccopycat _d2 _encip _f20 _gy-genrareb |
||
| 942 |
_2ddc _cBK |
||